000 01000nas a2200325 4500
001 BR2011000391
003 BR-BrBNA
005 20231205114849.0
007 ta
008 230509b bl.|||p| |||| 00| 00por d
040 _aBR-BrBNA
_bpor
_cBiblioteca Nacional de Agricultura
041 _a(En)
072 _aQ02; Q80
100 1 _aBron, I.U.
100 1 _aVitti, D.C.C.
100 1 _aKluge, R.A.
100 1 _aArruda, M.C. de
100 1 _aJacomino, A.P.
100 1 _aLima, G.P.P.
245 1 _aInfluence of low temperature storage and 1-Methylcyclopropene on the conservation of fresh-cut watercress
650 _aAGRIÃO
650 _aPROCESSAMENTO MÍNIMO
650 _aACONDICIONAMENTO
650 _aARMAZENAMENTO DE ALIMENTO
650 _aREFRIGERAÇÃO
650 _aCOR
773 0 _tBrazilian Journal of Food Technology (Brazil)
_xISSN 1519-0900
_g(Apr-Jun 2005), v. 8(2) p. 121-126
_wBR2011000391
909 _a202311
_bLúcia
_c55
_dLúcia Elande
942 _2AGRIS
_n0
_cANA
999 _c210896
_d210896